Plan de manejo del parque nacional natural Los Nevados / (Registro nro. 3480)
[ vista simple ]
| 000 -CABECERA | |
|---|---|
| Campo de control | 00813nam a2200217 a 4500 |
| 005 - FECHA Y HORA DE LA ULTIMA TRANSACCION | |
| Campo de control | 20180118142832.0 |
| 008 - ELEMENTOS DE LONGITUD FIJA—INFORMACION GENERAL | |
| Campo de control | 140311s1985 ck ||||| |||| 00| 0 spa d |
| 040 ## - FUENTE DE CATALOGACIÓN | |
| Agencia catalogadora original | CO-BoIAVH |
| Agencia transcriptora | CO-BoIAVH |
| 041 ## - IDIOMA | |
| Código de idioma para texto/pista de sonido o título separado | Español |
| 044 ## - PAÍS DE PUBLICACIÓN | |
| País de publicación | Colombia |
| 090 ## - CLASIFICACIÓN LOCAL | |
| Colección | IND-I |
| Consecutivo | 63 |
| 110 ## - ASIENTO PRINCIPAL--NOMBRE CORPORATIVO | |
| Nombre corporativo o de jurisdicción como elemento de entrada | Colombia |
| Unidad subordinad | Inderena |
| 9 (RLIN) | 89211 |
| 245 10 - MENCION DE TITULO | |
| Título | Plan de manejo del parque nacional natural Los Nevados / |
| 260 ## - PUBLICACION, DISTRIBUCION, ETC. (PIE DE IMPRENTA) | |
| Lugar de publicación, distribución, etc. | Bogotá : |
| Nombre del editor, distribuidor, etc. | Inderena |
| Fecha de publicación, distribución, etc. | 1985 |
| 300 ## - DESCRIPCION FISICA | |
| Extensión | 3 volumenes ; |
| Dimensiones | 28 cm. |
| 505 ## - NOTA DE CONTENIDO | |
| Nota de contenido | Volumen 1: Introducción y contexto nacional. -- Volumen 2: Región de estudio. -- Volumen 3: Reseña descriptiva del Parque. -- Volumen 4: Manejo y desarrollo. |
| 650 14 - ASIENTO SECUNDARIO DE MATERIA - TERMINO TEMATICO | |
| Término temático o nombre geográfico como elemento de entrada | Parques naturales |
| Subdivisión general | Conservación |
| Subdivisión geográfica | Colombia |
| 9 (RLIN) | 89212 |
| 650 24 - ASIENTO SECUNDARIO DE MATERIA - TERMINO TEMATICO | |
| Término temático o nombre geográfico como elemento de entrada | Áreas de conservación de recursos naturales |
| Subdivisión geográfica | Colombia |
| 9 (RLIN) | 89213 |
| 942 ## - ELEMENTOS ADICIONALES (KOHA) | |
| Tipo de ítem | Informe Técnico |
| Sistema de clasificación | Local |
| 945 ## - PROCESAMIENTO LOCAL | |
| AAAA-MM-DD - Fecha de ingreso o modificacion | 2003-11-05 |
| Withdrawn status | Lost status | Sistema de Clasificación | Damaged status | No para préstamo | Colección | Ubicación Permanente | Ubicación actual | Fecha de adquisición | Total Checkouts | Número topográfico | Inventario / Código de Barras | Date last seen | Ejemplar | Price effective from | Forma de adquisición | Tipo de material |
|---|---|---|---|---|---|---|---|---|---|---|---|---|---|---|---|---|
| Local | Fondo Inderena | Bogotá | Bogotá | 04/12/2012 | IND-I-63 | 014817 | 04/12/2012 | V. 1-2 Ej. 1 | 04/12/2012 | Traslado Inderena | Informe Técnico | |||||
| Local | Fondo Inderena | Bogotá | Bogotá | 04/12/2012 | IND-I-63 | 014815 | 04/12/2012 | V. 3 Ej. 1 | 04/12/2012 | Traslado Inderena | Informe Técnico | |||||
| Local | Fondo Inderena | Bogotá | Bogotá | 04/12/2012 | IND-I-63 | 014816 | 04/12/2012 | V. 4 Ej. 1 | 04/12/2012 | Traslado Inderena | Informe Técnico |